La auditoría y el control interno en el sector público nacional (Registro nro. 660)

Detalles MARC
000 -LEADER
fixed length control field 01033 a2200205 4500
001 - CONTROL NUMBER
control field 15504
005 - DATE AND TIME OF LATEST TRANSACTION
control field 20260407155450.0
008 - FIXED-LENGTH DATA ELEMENTS--GENERAL INFORMATION
fixed length control field 260407a1977 arg spa d
003 - CONTROL NUMBER IDENTIFIER
control field AR-UNSa-BCEJYS
040 ## - CATALOGING SOURCE
Original cataloging agency AR-UNSa-BCEJYS
Language of cataloging spa
Transcribing agency AR-UNSa-BCEJYS
080 ## - UNIVERSAL DECIMAL CLASSIFICATION NUMBER
Universal Decimal Classification number 657.6
Common auxiliary subdivision Auditoria (control interno)
100 1# - MAIN ENTRY--PERSONAL NAME
Personal name Benzrihen, Jorge Isaac
245 10 - TITLE STATEMENT
Title La auditoría y el control interno en el sector público nacional
264 #1 - PRODUCTION, PUBLICATION, DISTRIBUTION, MANUFACTURE, AND COPYRIGHT NOTICE
Place of production, publication, distribution, manufacture Buenos Aires :
Name of producer, publisher, distributor, manufacturer Ediciones Macchi
Date of production, publication, distribution, manufacture, or copyright notice 1977
300 ## - PHYSICAL DESCRIPTION
Extent 170 p.
Dimensions 22 cm.
505 ## - FORMATTED CONTENTS NOTE
Formatted contents note 1. Introducción - 2. Estudio preliminar - 3. Auditoría y control - 4. Normas de auditoría generalmente aceptadas - 5. Principios contables generalmente aceptados - 6. Informes especiales a organismos internacionales de crédito - 7. Conclusiones - 8. Formulaciones
590 ## - LOCAL NOTE (RLIN)
Local note niveau_biblio:m niveau_hierar:0
856 41 - ELECTRONIC LOCATION AND ACCESS
Uniform Resource Identifier <a href="https://biblioeco.unsa.edu.ar/pmb/images/libros/La auditor?a y el control interno en el sector p?blico nacional Benzrihen, Jorge Isaac (1977).jpg">https://biblioeco.unsa.edu.ar/pmb/images/libros/La auditor?a y el control interno en el sector p?blico nacional Benzrihen, Jorge Isaac (1977).jpg</a>
Link text Imagen de portada
Electronic format type image/jpeg
942 ## - ADDED ENTRY ELEMENTS (KOHA)
Koha item type
Existencias
Withdrawn status Lost status Damaged status Not for loan Home library Current library Shelving location Date acquired Total checkouts Full call number Barcode Date last seen Price effective from Koha item type
        Biblioteca Prof. Eusebio Cleto del Rey Biblioteca Prof. Eusebio Cleto del Rey   07/04/2026   657.6 B456 L12392 07/04/2026 07/04/2026 Libro
        Biblioteca Prof. Eusebio Cleto del Rey Biblioteca Prof. Eusebio Cleto del Rey   07/04/2026   657.6 B456 L13353 07/04/2026 07/04/2026 Libro
        Biblioteca Prof. Eusebio Cleto del Rey Biblioteca Prof. Eusebio Cleto del Rey   07/04/2026   657.6 B456 L13354 07/04/2026 07/04/2026 Libro
        Biblioteca Prof. Eusebio Cleto del Rey Biblioteca Prof. Eusebio Cleto del Rey   07/04/2026   657.6 B456 L28981 07/04/2026 07/04/2026 Libro
        Biblioteca Prof. Eusebio Cleto del Rey Biblioteca Prof. Eusebio Cleto del Rey   07/04/2026   657.6 B456 L28980 07/04/2026 07/04/2026 Libro